00872nam a2200229 4500001000700000003000900007005001700016007000300033008004100036100003700077245011200114250001200226260004000238300004400278490002400322700003000346710006000376830003200436852003300468999001900501952012200520138164ES-MaACL20230906195521.0t|070214s1986 sp r ||||1| spa d1 aSánchez Rojas, José.910289513aEl encanto de la Vega b: ; y otros artículos / cJosé Sánchez Rojas ; edición de Julián Moreiro. a1ª ed. aSalamanca : bDiputación, c1986. a143 p., 2 h., 1 h. de lám. ; c24 cm.1 aAyuntamientos ; v11 aMoreiro, Julián.9832302 aSalamanca (Provincia). bDiputación Provincial.964850 aAyuntamientos ; v19220141 aES-MaACLjL-11091 bR.112008 c138164d138164 00104070aATENEOMbATENEOMcDEPO2d2008-01-17eSCl0oL-11091p1143770r2023-02-23 00:00:00w2023-02-23yMONOGRAFIA